000 00823nam a2200217Ia 4500
003 GCL
008 140319s9999 xx 000 0 ara d
040 _aGCL /
_cGCL
082 0 4 _a021.28
_bا ا
100 1 _aالادارة العامة للاحصاء العلمى
245 1 0 _aالاكاديمية والمعلومات العلمية والتكنولوجية /
_cالادارة العامة للاحصاء العلمى
300 _a231
490 _aكتاب
_v0
650 0 4 _aمراكز المعلومات
650 0 4 _aبراءات الاختراع
650 0 4 _aمراكز التوثيق
650 0 4 _aشبكات المكتبات والمعلومات
650 0 4 _aاكاديمية البحث العلمى والتكنولوجيا
650 0 4 _aالمراكز الببليوجرافية
942 _2ddc
_cBK
999 _c41473
_d41473